[Event "Vellmar op 1st"]
[Site "Vellmar"]
[Date "2009.08.01"]
[Round "5"]
[White "Kartsev, Soel"]
[Black "Roehle, Timo"]
[Result "1-0"]
[WhiteElo "2243"]
[BlackElo "1983"]
[PlyCount "65"]
[EventDate "2009.07.30"]
[EventType "swiss"]
[EventRounds "7"]
[EventCountry "GER"]
[SourceTitle "EXT 2018"]
[Source "ChessBase"]
[SourceDate "2017.10.13"]
[SourceVersion "1"]
[SourceVersionDate "2017.10.13"]
[SourceQuality "1"]

1. e4 c5 2. c3 d5 3. exd5 Qxd5 4. d4 e6 5. Nf3 Nf6 6. Na3 a6 7. Bc4 Qd8 8. 0-0 cxd4 9. Nc2 b5 10. Be2 Be7 11. Nfxd4 Bb7 12. Bf3 Qc7 13. a4 bxa4 14. Rxa4 0-0 15. g3 e5 16. Nf5 Rd8 17. Qe2 Bf8 18. Bxb7 Qxb7 19. Qxe5 Qb3 20. Nh6+ Kh8 21. Nd4 Qb7 22. Bg5 Rd5 23. Qe3 Rxg5 24. Qxg5 Ne4 25. Qe5 Nc5 26. Rb4 Qa7 27. Rxb8 Qxb8 28. Nxf7+ Kg8 29. Qd5 g6 30. b4 Na4 31. Nd8+ Kh8 32. N4e6 Bh6 33. Nf7+ 1-0

[Event "Goch op 17th"]
[Site "Goch"]
[Date "2006.10.14"]
[Round "4"]
[White "Douteil, Dominik"]
[Black "Roehle, Timo"]
[Result "0-1"]
[WhiteElo "1779"]
[BlackElo "1536"]
[PlyCount "84"]
[EventDate "2006.10.12"]
[EventType "swiss"]
[EventRounds "7"]
[EventCountry "GER"]
[SourceTitle "EXT 2008"]
[Source "ChessBase"]
[SourceDate "2007.11.25"]
[SourceVersion "1"]
[SourceVersionDate "2007.11.25"]
[SourceQuality "1"]

1. Nf3 Nc6 2. g3 e5 3. d3 d5 4. Bg2 f5 5. Nc3 h6 6. Nh4 Nge7 7. e4 Be6 8. exf5 Bf7 9. f4 Qd7 10. 0-0 0-0-0 11. fxe5 Nxe5 12. Bf4 N7c6 13. d4 Nc4 14. Nb5 Bd6 15. Nxd6+ Nxd6 16. Qd3 Rdf8 17. Rae1 Ne7 18. Be5 Rhg8 19. g4 Nc6 20. c3 Re8 21. Qg3 Nc4 22. b3 Nb6 23. Nf3 Qd8 24. Re2 g6 25. Nh4 gxf5 26. Nxf5 h5 27. Nh6 Be6 28. Nxg8 Bxg4 29. Ref2 Rxg8 30. Rf7 Nd7 31. Qf4 Bh3 32. Rf2 Rg4 33. Qe3 Ncxe5 34. dxe5 Bxg2 35. Rxg2 Rxg2+ 36. Kxg2 Qg8+ 37. Kh1 Qxf7 38. e6 Qf1+ 39. Qg1 Qxg1+ 40. Kxg1 Nf6 41. Kg2 Kd8 42. Kh3 Ke7 0-1

[Event "Goch op 17th"]
[Site "Goch"]
[Date "2006.10.14"]
[Round "5"]
[White "Roehle, Timo"]
[Black "Kraemer, Robinson"]
[Result "1/2-1/2"]
[WhiteElo "1536"]
[BlackElo "1765"]
[PlyCount "56"]
[EventDate "2006.10.12"]
[EventType "swiss"]
[EventRounds "7"]
[EventCountry "GER"]
[SourceTitle "EXT 2008"]
[Source "ChessBase"]
[SourceDate "2007.11.25"]
[SourceVersion "1"]
[SourceVersionDate "2007.11.25"]
[SourceQuality "1"]

1. e4 d5 2. exd5 Nf6 3. d4 Nxd5 4. c4 Nb6 5. Nf3 g6 6. h3 Bg7 7. Be2 0-0 8. 0-0 Nc6 9. Be3 Bf5 10. Qd2 Bxb1 11. Raxb1 e6 12. Rfd1 Qe7 13. Bh6 Rad8 14. Bxg7 Kxg7 15. Qf4 Rfe8 16. Qe3 a5 17. Rd2 Rd7 18. a3 f6 19. Re1 Qf7 20. Bd1 Rde7 21. Bb3 a4 22. Bc2 Ra8 23. Rde2 Nd8 24. h4 Qe8 25. g4 Qc6 26. Nd2 Qd7 27. f3 Nf7 28. Ne4 e5 1/2-1/2